000 01547nam2a2200277 4500
001 RU\NLR\BIBL_A\022632804
005 20251212111124.0
010 _a978-5-00227-540-3
_9500
021 _aRU
_bКН-П-25-048858
_9КН-П-25-4726
035 _a(NLR Aleph) 022632804
090 _a13497274
_c13497274
100 _a20250929d2025 u y0rusy50 ca
101 0 _arus
102 _aRU
105 _aac z 000ay
200 1 _aОт Рима до Иберии
_e(Рим - Карфаген - Ближняя и Дальняя Испания)
210 _d2025
215 _a270 с.
_cил., портр., табл.
309 _aНа обл.: Т. 1
320 _aБиблиогр.: с. 263-264
320 _aДр. кн. авт.: с. 270
461 0 _1001RU\NLR\BIBL_A\022632800
_12001#$aНеобычная жизнь Квинта Корнелия Сизенны$e(историко-философско-приключенческий роман)$fкандидат исторических наук Ашрафьян К. Э.$vКн. 1
_1700#1$aАшрафьян$bК. Э.$gКонстантин Эдуардович
_913497273
_aАшрафьян, К. Э.
_cМосква
_d2025-
_fкандидат исторических наук Ашрафьян К. Э.
_nСам Полиграфист
_o(историко-философско-приключенческий роман)
_tНеобычная жизнь Квинта Корнелия Сизенны
_vКн. 1
942 _cBOOK
980 _aNB